| 000 | 00390nam a22001697a 4500 | ||
|---|---|---|---|
| 005 | 20170401123630.0 | ||
| 008 | 170401b xxu||||| |||| 00| 0 eng d | ||
| 020 | _a978-0-07-462305-3 | ||
| 041 | _aeng | ||
| 100 |
_aNEGI,L.S _93746 |
||
| 245 | _aDESIGN OF STEEL STRUCTURES | ||
| 250 | _a2nd | ||
| 260 |
_bMCGRAW HILL _c1997 |
||
| 300 | _a317 | ||
| 650 |
_aENGINEERING _93747 |
||
| 942 | _cBK | ||
| 999 |
_c5366 _d5364 |
||